|
|
|
|
| LEADER |
00000nam0a2200000 4500 |
| 001 |
358496 |
| 005 |
20231102011111.0 |
| 035 |
|
|
|a (RuTPU)RU\TPU\retro\15765
|
| 090 |
|
|
|a 358496
|
| 100 |
|
|
|a 20200818d1978 km y0rusy50 ca
|
| 101 |
0 |
|
|a rus
|
| 102 |
|
|
|a RU
|
| 105 |
|
|
|a a z 001zy
|
| 200 |
1 |
|
|a Динамика автономных инверторов с прямой коммутацией
|f В. А. Чванов
|
| 210 |
|
|
|a Москва
|c Энергия
|d 1978
|
| 215 |
|
|
|a 169 с.
|c ил.
|
| 320 |
|
|
|a Библиогр.: с. 162-165
|
| 606 |
1 |
|
|a Инверторы автономные
|2 stltpush
|3 (RuTPU)RU\TPU\subj\12460
|9 39238
|
| 610 |
1 |
|
|a динамика
|
| 610 |
1 |
|
|a коммутации
|
| 610 |
1 |
|
|a вентильные цепи
|
| 610 |
1 |
|
|a обобщенные векторы
|
| 610 |
1 |
|
|a коммутационные векторы
|
| 610 |
1 |
|
|a электромагнитные процессы
|
| 610 |
1 |
|
|a инверторы
|
| 610 |
1 |
|
|a импульсно-фазовое управление
|
| 610 |
1 |
|
|a построение
|
| 675 |
|
|
|a 621.314.572
|v 4
|
| 700 |
|
1 |
|a Чванов
|b В. А.
|g Вячеслав Александрович
|
| 801 |
|
1 |
|a RU
|b 63413507
|c 20200818
|
| 801 |
|
2 |
|a RU
|b 63413507
|c 20210317
|g RCR
|
| 942 |
|
|
|c BK
|